| 000 | 00000nam##2200000za#4500 |
| 001 | 9.697603 |
| 003 | CaOODSP |
| 005 | 20210624235544 |
| 007 | cr ||||||||||| |
| 008 | 150407|1964||||xxc|||||o f|0| 0 eng|d |
| 040 | |aCaOODSP|beng |
| 043 | |an-cn--- |
| 086 | 1 |aA53-1210/1964E-PDF |
| 110 | 1 |aCanada.|bAgriculture Canada.|bResearch Branch. |
| 245 | 10|aEvaporation measurements at research branch stations, Canada Department of Agriculture / |h[electronic resource]|ccompiled by Geo. W. Robertson. |
| 260 | |aOttawa - Ontario : |bAgriculture Canada. |c1964. |
| 300 | |a36p.|btables |
| 500 | |aHistorical publication digitized by Agriculture and Agri-Food Canada. |
| 590 | |a13-17-Supp|b2013-07-25 |
| 690 | 07|aScientific research|2gcpds |
| 856 | 40|ahttp://publications.gc.ca|qPDF|s1.58 MB|uhttps://publications.gc.ca/collections/collection_2013/aac-aafc/agrhist/A53-1210-1964-eng.pdf |
| 986 | |a1210 |